Microsoft Access 2010 خطوة خطوة / (رقم التسجيلة. 13860)
[ عرض عادي ]
| 000 -الفاتح | |
|---|---|
| حقل البيانات ثابتة الطول | 00989nam a22002417a 4500 |
| 003 - محدد رقم الضبط | |
| رقم الضبط | OSt |
| 005 - وقت وتاريخ اخر تعامل مع التسجيلة | |
| رقم الضبط | 20150408113914.0 |
| 008 - عناصر البيانات ثابتة الطول - معلومات عامة | |
| حقل البيانات ثابتة الطول | 110827s 2010le a g |||| 00| 0 ara d |
| 020 ## - الرقم الدولى المعيارى للكتب | |
| الرقم الدولى المعيارى للكتاب | 9786140100770 |
| 040 ## - مصدر الفهرسة | |
| وكالة النسخ | دار اجنادين |
| 082 ## - رقم تصنيف ديوى العشرى | |
| رقم الطبعة | 21 |
| رقم التصنيف | 005.3 |
| رقم المادة | ك ج م |
| 100 ## - المدخل الرئيسى - إسم شخصى | |
| الإسم الشخصى | كوكس، جويس. |
| 9 (RLIN) | 3186 |
| 245 ## - بيان العنوان | |
| العنوان | Microsoft Access 2010 خطوة خطوة / |
| بيان المسئوليه,etc | تأليف جويس كوكس وجوان لامبرت ؛ ترجمة أوليغ عوكي. |
| 250 ## - بيان الطبعة | |
| بيان الطبعة | ط. 1. |
| 260 ## - PUBLICATION, DISTRIBUTION, ETC. (IMPRINT) | |
| مكان الناشر او الموزع | بيروت : |
| اسم الناشر او الموزع | الدار العربية للعلوم ، |
| تاريخ النشر أو التوزيع | 2010 م. |
| 300 ## - الوصف المادى | |
| التعداد | 455 ص. : |
| تفاصيل ماديه اخرى للوعاء | إيض. ؛ |
| أبعاد الوعاء | 24 سم. |
| 500 ## - تبصرة عامة | |
| تبصرة عامة | الكتاب ترجمة للأصل الإنجليزي : Microsoft Access 2010, step by step. |
| 650 ## - المدخل الاضافى بالموضوع-مصطلح موضوعى | |
| مصطلح موضوعي أو اسم جغرافي كعنصر مدخل | مايكروسوفت أكسس |
| 9 (RLIN) | 3395 |
| 650 ## - المدخل الاضافى بالموضوع-مصطلح موضوعى | |
| 9 (RLIN) | 3181 |
| مصطلح موضوعي أو اسم جغرافي كعنصر مدخل | الحاسبات الالكترونية |
| التقسيم الفرعي العام | برامح. |
| 700 ## - المدخل الاضافى - اسم شخصى | |
| الإسم الشخصى | لامبرت، جون ، |
| الدور | م. مشارك. |
| 9 (RLIN) | 3230 |
| 700 ## - المدخل الاضافى - اسم شخصى | |
| الإسم الشخصى | عوكي، أوليغ ، |
| الدور | مترجم. |
| 9 (RLIN) | 3176 |
| 942 ## - عناصر المدخل الإضافي( كوها) | |
| مصدر التصنيف او مخطط الترفيف | Dewey Decimal Classification |
| Koha [default] item type | DVD |
| حالة الفقد | نموذج السعر الفعال | حالة تلف | ليس للاعارة | رقم الطلب | تاريخ الاكتساب | الموقع الحالي | الباركود | الفرع الرئيسي | Date last seen | نوع المادة فى نظام كوها | مصدر التصنيف او خطة الترفيف | Total Checkouts |
|---|---|---|---|---|---|---|---|---|---|---|---|---|
| 2013-03-10 | 005.3 ك ج م | 2011-08-27 | قسم الاجراءات الفنية (IC) | 00102194 | قسم الاجراءات الفنية (IC) | 2013-03-10 | كتاب | Dewey Decimal Classification | ||||
| 2013-03-10 | 005.3 ك ج م | 2011-08-27 | قسم الاجراءات الفنية (IC) | 00102193 | قسم الاجراءات الفنية (IC) | 2013-03-10 | كتاب | Dewey Decimal Classification | ||||
| 2013-03-10 | 005.3 ك ج م | 2011-08-27 | قسم الاجراءات الفنية (IC) | 00102192 | قسم الاجراءات الفنية (IC) | 2013-03-10 | كتاب | Dewey Decimal Classification |
